[Event "World Rapid 2017"]
[Site "Riyadh KSA"]
[Date "2017.12.27"]
[Round "7.6"]
[White "Rapport, Richard"]
[Black "Safarli, Eltaj"]
[Result "1/2-1/2"]
[WhiteTitle "GM"]
[BlackTitle "GM"]
[WhiteElo "2707"]
[BlackElo "2639"]
[WhiteFideId "738590"]
[BlackFideId "13402129"]
[EventDate "2017.12.26"]

1. e4 e5 2. Nf3 Nc6 3. Bc4 Bc5 4. c3 Nf6 5. d3 h6 6. b4 Bb6 7. a4 a6 8. O-O O-O
9. Bb3 d6 10. Nbd2 Be6 11. Bxe6 fxe6 12. Nc4 Ba7 13. Qb3 Qe8 14. Be3 Bxe3 15.
Nxe3 Nh5 16. Nh4 g5 17. Nhf5 Kh7 18. Ng3 Nf4 19. b5 axb5 20. axb5 Rxa1 21. Rxa1
Ne7 22. d4 Qf7 23. Ra2 Neg6 24. b6 c6 25. Qd1 d5 26. exd5 Nxd5 27. Nxd5 exd5 28.
Nf1 exd4 29. Qxd4 Nf4 30. Ng3 Qg6 31. Ra1 Ra8 32. Rf1 Qg7 33. Qe3 Rf8 34. Re1
Rf7 35. h3 Qf6 36. Kh2 h5 37. Kg1 g4 38. hxg4 hxg4 39. c4 dxc4 40. Qe4+ Ng6 41.
Rf1 Qf4 42. Qc2 Rd7 43. Ne4 Rd4 44. Re1 Kh6 45. Re2 Rd5 46. Ng3 Re5 47. Qc3 Rxe2
48. Nxe2 Qe4 49. Qd2+ Kh7 50. Qd7+ Kh6 51. Qd2+ Kh7 52. Qd7+ Kh6 53. Qd2+ Kh7
54. Qd7+ 1/2-1/2

[Event "World Rapid 2017"]
[Site "Riyadh KSA"]
[Date "2017.12.27"]
[Round "7.7"]
[White "Jobava, Baadur"]
[Black "Svidler, Peter"]
[Result "0-1"]
[WhiteTitle "GM"]
[BlackTitle "GM"]
[WhiteElo "2690"]
[BlackElo "2765"]
[WhiteFideId "13601520"]
[BlackFideId "4102142"]
[EventDate "2017.12.26"]

1. e4 c5 2. Nf3 d6 3. d4 cxd4 4. Nxd4 Nf6 5. Nc3 a6 6. Bg5 Nbd7 7. Qe2 h6 8.
Bxf6 Nxf6 9. O-O-O Qc7 10. Kb1 g6 11. h4 h5 12. g3 Bg4 13. f3 Bd7 14. Bh3 Bxh3
15. Rxh3 Bg7 16. Rhh1 Rc8 17. f4 Qc4 18. Rhe1 Ng4 19. Qd2 e6 20. Rf1 O-O 21. Rf3
b5 22. a3 Rb8 23. Nce2 Qc7 24. Qc3 Rfc8 25. Qxc7 Rxc7 26. Rd2 Rc4 27. Rc3 Rxc3
28. Nxc3 Rc8 29. Nde2 Rc6 30. Nd4 Rc4 31. Nde2 Nf2 32. Rxd6 Nxe4 33. Rd8+ Kh7
34. Nd1 e5 35. f5 Bh6 36. fxg6+ Kxg6 37. c3 Rc6 38. Kc2 Kf5 39. Rd7 Kg4 40. Rxf7
Rd6 41. Rh7 Rd2+ 42. Kc1 Rd6+ 43. Kc2 Kf3 44. Nc1 Bxc1 45. Kxc1 Ke2 46. Rxh5
Rxd1+ 47. Kc2 Rd5 48. g4 Nf6 49. Rg5 e4 50. Rg6 Rd2+ 51. Kb3 Nd5 52. h5 Kf3 53.
h6 e3 54. Rd6 Nf4 55. h7 Rh2 0-1

[Event "World Rapid 2017"]
[Site "Riyadh KSA"]
[Date "2017.12.27"]
[Round "7.9"]
[White "Grischuk, Alexander"]
[Black "Khismatullin, Denis"]
[Result "1/2-1/2"]
[WhiteTitle "GM"]
[BlackTitle "GM"]
[WhiteElo "2772"]
[BlackElo "2632"]
[WhiteFideId "4126025"]
[BlackFideId "4142578"]
[EventDate "2017.12.26"]

1. e4 c5 2. Nc3 a6 3. Nge2 e6 4. d4 cxd4 5. Nxd4 b5 6. Bd3 Qb6 7. Nf3 Bb7 8. O-O
Qc7 9. Re1 Be7 10. Qd2 Nf6 11. Qg5 Kf8 12. Bf4 Qd8 13. e5 Nd5 14. Qg3 Nxf4 15.
Qxf4 Bxf3 16. Qxf3 Nc6 17. Be4 Nxe5 18. Qg3 Nc6 19. Bxc6 dxc6 20. Rad1 Qe8 21.
Qf3 Kg8 22. Ne4 h5 23. Nd6 Bxd6 24. Rxd6 Rc8 25. Re5 Rd8 26. Qd3 Rxd6 27. Qxd6
Rh6 28. h4 Rf6 29. Rxh5 1/2-1/2

[Event "World Rapid 2017"]
[Site "Riyadh KSA"]
[Date "2017.12.27"]
[Round "7.10"]
[White "Korobov, Anton"]
[Black "Harikrishna, Pentala"]
[Result "0-1"]
[WhiteTitle "GM"]
[BlackTitle "GM"]
[WhiteElo "2652"]
[BlackElo "2744"]
[WhiteFideId "14105730"]
[BlackFideId "5007003"]
[EventDate "2017.12.26"]

1. d4 Nf6 2. c4 e6 3. Nc3 Bb4 4. e3 O-O 5. Bd3 d5 6. a3 Bxc3+ 7. bxc3 dxc4 8.
Bxc4 c5 9. Ne2 b6 10. O-O Qc7 11. Bd3 Bb7 12. f3 e5 13. e4 cxd4 14. cxd4 exd4
15. Nxd4 Qc3 16. Nf5 Rd8 17. Bg5 Rxd3 18. Qe2 Rd8 19. e5 Qc5+ 20. Kh1 Ba6 21.
Rfd1 Re8 22. Qb2 Nbd7 23. f4 Ne4 24. Rxd7 Nxg5 25. fxg5 Qxe5 26. Qxe5 Rxe5 27.
g4 Bb5 28. Rd4 g6 29. Nd6 Bc6+ 30. Kg1 Rxg5 31. Kf2 Rc5 32. Rad1 Rd8 33. h4 Rc2+
34. Ke3 Rc3+ 35. Kf4 h6 36. g5 Rf3+ 37. Ke5 Rd7 0-1

[Event "World Rapid 2017"]
[Site "Riyadh KSA"]
[Date "2017.12.27"]
[Round "7.11"]
[White "Leko, Peter"]
[Black "Karjakin, Sergey"]
[Result "1/2-1/2"]
[WhiteTitle "GM"]
[BlackTitle "GM"]
[WhiteElo "2691"]
[BlackElo "2760"]
[WhiteFideId "703303"]
[BlackFideId "14109603"]
[EventDate "2017.12.26"]

1. e4 e5 2. Nf3 Nc6 3. Bb5 Nf6 4. d3 Bc5 5. c3 d5 6. Nbd2 dxe4 7. dxe4 O-O 8.
O-O a5 9. Bxc6 bxc6 10. Nxe5 Re8 11. Nxc6 Qd7 12. Nd4 Bxd4 13. cxd4 Qxd4 14. Nf3
Qxd1 15. Rxd1 Nxe4 16. Be3 Nf6 17. Rac1 Be6 18. b3 a4 19. Nd4 axb3 20. axb3 Nd5
21. Nxe6 fxe6 22. Bc5 Reb8 23. b4 Nxb4 24. Bxb4 Rxb4 25. Rxc7 Rf4 26. g3 Rf7 1/2-1/2

[Event "World Rapid 2017"]
[Site "Riyadh KSA"]
[Date "2017.12.27"]
[Round "7.12"]
[White "Le, Quang Liem"]
[Black "Bu, Xiangzhi"]
[Result "1/2-1/2"]
[WhiteTitle "GM"]
[BlackTitle "GM"]
[WhiteElo "2737"]
[BlackElo "2730"]
[WhiteFideId "12401137"]
[BlackFideId "8601445"]
[EventDate "2017.12.26"]

1. d4 Nf6 2. c4 e6 3. Nf3 d5 4. g3 dxc4 5. Bg2 Nc6 6. O-O Rb8 7. Nc3 b5 8. e4
Be7 9. d5 exd5 10. e5 Ne4 11. Nxd5 Be6 12. Nxe7 Qxd1 13. Rxd1 Nxe7 14. Be3 c3
15. b3 O-O 16. Ne1 Bf5 17. f3 Nd2 18. Rac1 Rfd8 19. Bg5 Nd5 20. Bxd2 cxd2 21.
Rxd2 Nb4 22. Rf2 c5 23. Bf1 Rdc8 24. Rd2 Be6 25. a3 Nd5 26. Kf2 g5 27. Rdc2 b4
28. axb4 Nxb4 29. Rxc5 Rxc5 30. Rxc5 Bxb3 31. Nd3 Be6 32. Nxb4 Rxb4 33. Ra5 Rb2+
34. Kg1 Rb7 35. Bd3 Rd7 36. Be4 Rd1+ 37. Kf2 Rd2+ 38. Ke3 Ra2 39. Rxa2 Bxa2 40.
Bc2 h6 41. Kd4 Kf8 42. f4 gxf4 43. gxf4 Ke7 44. f5 f6 45. e6 Bxe6 46. Ke4 1/2-1/2

[Event "World Rapid 2017"]
[Site "Riyadh KSA"]
[Date "2017.12.27"]
[Round "7.14"]
[White "Petrosian, Tigran L."]
[Black "Quparadze, Giga"]
[Result "0-1"]
[WhiteTitle "GM"]
[BlackTitle "GM"]
[WhiteElo "2601"]
[BlackElo "2506"]
[WhiteFideId "13301616"]
[BlackFideId "13602250"]
[EventDate "2017.12.26"]

1. Nf3 Nf6 2. g3 d5 3. Bg2 e6 4. O-O b5 5. d3 Bb7 6. Nbd2 Be7 7. e4 O-O 8. e5
Nfd7 9. Re1 c5 10. Nf1 d4 11. h4 Nc6 12. a3 Nb6 13. N1h2 Nd5 14. Ng5 Qc7 15. Qh5
Bxg5 16. hxg5 Nxe5 17. Bxd5 Bxd5 18. Bf4 f6 19. gxf6 gxf6 20. Bxe5 fxe5 21. Rxe5
Qf7 22. Rg5+ Kh8 23. Qxf7 Rxf7 24. Ng4 Rg7 25. Rxg7 Kxg7 26. f4 h5 27. Ne5 h4
28. g4 c4 29. Kh2 Rc8 30. Kh3 cxd3 31. cxd3 Rc2 32. Kxh4 Kf6 33. b4 Rh2+ 34. Kg3
Rg2+ 35. Kh3 Rf2 36. Kg3 Rg2+ 37. Kh3 Rf2 38. Re1 Rxf4 39. Kg3 Kg5 40. Rc1 Rf8
41. Rc7 Rf1 42. Rg7+ Kh6 43. Rxa7 Rg1+ 44. Kf4 Rf1+ 45. Kg3 Rg1+ 46. Kh2 Rh1+
47. Kg3 Rg1+ 48. Kf2 Rg2+ 49. Kf1 Kg5 50. Rf7 Ra2 51. Rf8 Rxa3 52. Kf2 Ra1 53.
Rf7 Rb1 54. Rf8 Ra1 55. Kg3 Rg1+ 56. Kf2 Rg2+ 57. Kf1 Rb2 58. Ke1 Rxb4 59. Kf2
Rb1 60. Kg3 Rg1+ 61. Kh3 b4 62. Rb8 b3 63. Rb4 Kf4 64. Ng6+ Ke3 65. Ne5 Kd2 66.
Kh4 Kc3 67. Rb8 b2 68. g5 b1=Q 69. Rxb1 Rxb1 70. g6 Rg1 71. Kh5 Re1 72. g7 Rxe5+ 0-1

[Event "World Rapid 2017"]
[Site "Riyadh KSA"]
[Date "2017.12.27"]
[Round "7.15"]
[White "Kravtsiv, Martyn"]
[Black "Amonatov, Farrukh"]
[Result "1-0"]
[WhiteTitle "GM"]
[BlackTitle "GM"]
[WhiteElo "2672"]
[BlackElo "2636"]
[WhiteFideId "14113147"]
[BlackFideId "14700077"]
[EventDate "2017.12.26"]

1. e4 c5 2. Nf3 d6 3. Bb5+ Nd7 4. O-O Nf6 5. Re1 a6 6. Bd3 e5 7. c3 Be7 8. Bc2
b5 9. d4 O-O 10. Nbd2 Bb7 11. d5 c4 12. Nf1 Nc5 13. Ng3 g6 14. Bh6 Re8 15. h3
Bf8 16. Qd2 Nfd7 17. b4 cxb3 18. axb3 a5 19. b4 axb4 20. cxb4 Na4 21. Bd3 Ba6
22. Rec1 Be7 23. Qe2 Qb8 24. Rxa4 bxa4 25. Bxa6 Qxb4 26. Bb5 Red8 27. Bc6 Ra7
28. Be3 Nc5 29. Qa2 Rb8 30. Nd2 Qb2 31. Rc2 Qxa2 32. Rxa2 Rb4 33. Kf1 a3 34. Ke2
Ra5 35. Bxc5 dxc5 36. Kd3 Rd4+ 37. Kc2 Rb4 38. Kc3 Ra6 39. Nc4 Rb1 40. Rxa3
Rxa3+ 41. Nxa3 Rg1 42. Kd3 Rxg2 43. Ke2 Rg1 44. Nc4 f6 45. d6 Bd8 46. Nf1 Kf7
47. Bd5+ Kf8 48. Be6 h5 49. Nce3 Ba5 50. f3 h4 51. Kf2 Rg5 52. Nc4 Bd8 53. Nfd2
Rg3 54. Nb3 f5 55. Nxc5 Rxh3 56. exf5 gxf5 57. Bxf5 Rh2+ 58. Kg1 Re2 59. Kf1 Ra2
60. Nxe5 Ba5 61. Ne6+ Kg8 62. d7 Rd2 63. Nc6 Rxd7 64. Nxa5 Rd5 65. Nc6 Kf7 66.
Bg4 Kf6 67. Ncd4 Ra5 68. Kg2 Ra1 69. Ne2 Ra2 70. Nd4 Ra1 71. f4 Ra3 72. Nf3 1-0

[Event "World Rapid 2017"]
[Site "Riyadh KSA"]
[Date "2017.12.27"]
[Round "7.16"]
[White "Esipenko, Andrey"]
[Black "Fedorchuk, Sergey A."]
[Result "1-0"]
[WhiteTitle "FM"]
[BlackTitle "GM"]
[WhiteElo "2564"]
[BlackElo "2648"]
[WhiteFideId "24175439"]
[BlackFideId "14102536"]
[EventDate "2017.12.26"]

1. d4 Nf6 2. c4 e6 3. Nf3 b6 4. g3 Bb4+ 5. Bd2 a5 6. Bg2 Bb7 7. O-O O-O 8. Bf4
Be7 9. Qc2 Be4 10. Qc1 Bb7 11. Rd1 d6 12. Qc2 Be4 13. Qd2 Bb7 14. Qd3 Be4 15.
Qe3 Nbd7 16. Nc3 Bb7 17. Qd3 c5 18. d5 exd5 19. cxd5 Ba6 20. Qc2 b5 21. a4 b4
22. Nb5 Bxb5 23. axb5 Nh5 24. Bc1 Re8 25. Nd2 Nb6 26. e4 Nf6 27. e5 dxe5 28. d6
Bxd6 29. Bxa8 Qxa8 30. Nc4 Nxc4 31. Qxc4 Bf8 32. Bg5 Ne4 33. Be3 h6 34. Rd7 Be7
35. Rad1 Ng5 36. Bxg5 hxg5 37. b6 Qc6 38. b7 Kf8 39. Qd5 Qb6 40. Qxe5 Bf6 41.
Qc7 Qxc7 42. Rxc7 Bxb2 43. Rc8 Be5 44. Re1 1-0

[Event "World Rapid 2017"]
[Site "Riyadh KSA"]
[Date "2017.12.27"]
[Round "7.17"]
[White "Mamedov, Rauf"]
[Black "Van Foreest, Jorden"]
[Result "1-0"]
[WhiteTitle "GM"]
[BlackTitle "GM"]
[WhiteElo "2709"]
[BlackElo "2629"]
[WhiteFideId "13401653"]
[BlackFideId "1039784"]
[EventDate "2017.12.26"]

1. e4 e5 2. Nf3 Nc6 3. Bc4 Bc5 4. c3 Nf6 5. d3 d6 6. Bb3 a6 7. Nbd2 O-O 8. h3
Be6 9. O-O Ba7 10. Re1 Bxb3 11. axb3 Ne7 12. Nf1 Ng6 13. Ng3 Re8 14. b4 d5 15.
Bg5 h6 16. Bxf6 Qxf6 17. exd5 Nf4 18. Ne4 Qg6 19. Nh4 Nxh3+ 20. Kf1 Nxf2 21.
Nxg6 Nxd1 22. Rexd1 fxg6 23. Ke2 Red8 24. b5 Bb6 25. bxa6 bxa6 26. c4 Bd4 27.
Ra4 Bxb2 28. Rb1 Bd4 29. Rb7 Rdb8 30. Rxc7 Rb2+ 31. Kf3 Rf8+ 32. Kg3 Bf2+ 33.
Kh3 Rf4 34. g3 Rf8 35. Ra1 Bd4 36. d6 Rb3 37. Rxa6 Rxd3 38. d7 Be3 39. Rxg6 Rd8
40. Rd6 Rd4 41. Rc8 Bg5 42. Rxd4 1-0

[Event "World Rapid 2017"]
[Site "Riyadh KSA"]
[Date "2017.12.27"]
[Round "7.18"]
[White "Alekseev, Evgeny"]
[Black "Aronian, Levon"]
[Result "1/2-1/2"]
[WhiteTitle "GM"]
[BlackTitle "GM"]
[WhiteElo "2616"]
[BlackElo "2805"]
[WhiteFideId "4138147"]
[BlackFideId "13300474"]
[EventDate "2017.12.26"]

1. e4 g6 2. d4 Bg7 3. Nf3 d6 4. Bd3 Nc6 5. c3 e5 6. dxe5 dxe5 7. O-O Nf6 8. Qc2
O-O 9. Re1 Qe7 10. Nbd2 Rd8 11. Bf1 Nh5 12. g3 Bg4 13. Bg2 Be6 14. b4 h6 15. a4
Qd7 16. Bb2 Bh3 17. Rad1 Bxg2 18. Kxg2 Qg4 19. Kh1 Rd6 20. b5 Na5 21. Ba3 Rd7
22. Bb4 b6 23. Ng1 Nb7 24. Nc4 Rad8 25. Ne3 Qe6 26. Nd5 Bf8 27. Rd2 Nc5 28. Red1
Bd6 29. f3 Nf6 30. Bxc5 bxc5 31. Nxf6+ Qxf6 32. Rd5 Ra8 33. Qe2 Rdd8 34. Nh3
Rdb8 35. Nf2 h5 36. Nd3 a6 37. Nxc5 Bxc5 38. Rxc5 axb5 39. Rxb5 Rxb5 40. axb5
Ra2 41. Qe3 h4 42. Kg1 Kg7 43. c4 Qe6 44. Rd2 Ra1+ 45. Kg2 h3+ 46. Kf2 Qxc4 47.
g4 Qc1 48. Kg3 Rb1 49. Re2 Qc4 50. Kxh3 Rxb5 51. Kg3 Rb3 52. Qf2 c5 53. Kg2 Rc3
54. Rd2 Qe6 55. Qh4 Qf6 56. Qxf6+ Kxf6 57. Rd6+ Ke7 58. Rc6 Kd7 59. Rf6 Ke7 60.
Rc6 g5 61. Kg3 c4 62. Kg2 Rc1 63. Kg3 c3 64. Kg2 Kd7 65. Rc4 1/2-1/2

[Event "World Rapid 2017"]
[Site "Riyadh KSA"]
[Date "2017.12.27"]
[Round "7.20"]
[White "Kasimdzhanov, Rustam"]
[Black "Yu, Yangyi"]
[Result "1/2-1/2"]
[WhiteTitle "GM"]
[BlackTitle "GM"]
[WhiteElo "2683"]
[BlackElo "2751"]
[WhiteFideId "14200244"]
[BlackFideId "8603820"]
[EventDate "2017.12.26"]

1. e4 e5 2. Nf3 Nf6 3. Nxe5 d6 4. Nf3 Nxe4 5. d3 Nf6 6. d4 Be7 7. Bd3 O-O 8. h3
c5 9. O-O Nc6 10. Nc3 h6 11. Bf4 Nb4 12. Re1 Re8 13. Bf1 Bf5 14. Rc1 Bf8 15.
Rxe8 Qxe8 16. Bg3 Ne4 17. Nxe4 Qxe4 18. Nd2 Qe6 19. a3 Nc6 20. d5 Qxd5 21. Bc4
Qd4 22. c3 Qf6 23. Bd5 Re8 24. Nc4 Be6 25. b4 Bxd5 26. Qxd5 Qe6 27. Rd1 Qxd5 28.
Rxd5 Re1+ 29. Kh2 Rc1 30. Nxd6 Rxc3 31. bxc5 Rb3 32. Nc4 Rb5 33. Bd6 Bxd6+ 34.
Nxd6 Rb3 35. Rf5 Nd8 36. a4 Kf8 37. a5 a6 38. Re5 Ne6 39. f4 g6 40. f5 gxf5 41.
Rxf5 Nd8 42. Rh5 Kg7 43. Nf5+ Kf6 44. Nd4 Ra3 45. Rxh6+ Kg7 46. Rd6 Nc6 47. Nxc6
bxc6 48. Rxc6 Rxa5 49. Kg3 Ra4 50. h4 Rc4 51. h5 a5 52. Kh3 a4 53. g4 a3 54. Ra6
Rxc5 55. Rxa3 Rc1 56. Ra6 Rh1+ 57. Kg2 Rb1 58. h6+ Kh7 59. Rf6 Rb5 60. Kg3 Kg8
61. Kh4 Ra5 62. Rf5 Ra1 63. Kh5 Ra6 64. Rb5 Kh7 65. g5 Ra1 66. Rb4 Rh1+ 67. Kg4
Kg6 68. Rb6+ Kh7 69. Kf5 Rf1+ 70. Ke5 Re1+ 71. Kf4 Rf1+ 72. Ke4 Rg1 73. Rb5 Kg6
74. Kf4 Rf1+ 75. Ke3 f6 76. Ke4 1/2-1/2

[Event "World Rapid 2017"]
[Site "Riyadh KSA"]
[Date "2017.12.27"]
[Round "7.21"]
[White "Sargissian, Gabriel"]
[Black "Riazantsev, Alexander"]
[Result "0-1"]
[WhiteTitle "GM"]
[BlackTitle "GM"]
[WhiteElo "2672"]
[BlackElo "2650"]
[WhiteFideId "13300881"]
[BlackFideId "4125029"]
[EventDate "2017.12.26"]

1. d4 Nf6 2. Nf3 d5 3. c4 e6 4. e3 b6 5. Nc3 Bd6 6. b3 O-O 7. Bb2 a6 8. Bd3 Bb7
9. O-O Nbd7 10. Qe2 Ne4 11. a4 a5 12. cxd5 exd5 13. Nb5 Bb4 14. Qc2 c6 15. Nc3
f5 16. Ne2 Qe7 17. Ne5 Nxe5 18. dxe5 g6 19. Nf4 Nc5 20. Be2 Ne6 21. Nd3 c5 22.
f4 Rfd8 23. Rad1 Rac8 24. Nxb4 axb4 25. g4 Ng7 26. Bf3 Rc7 27. Rd2 fxg4 28. Bxg4
Qh4 29. Rg2 d4 30. e4 Ba6 31. Rff2 d3 32. Qd1 c4 33. bxc4 Rxc4 34. f5 Rxe4 35.
Bf3 Nxf5 36. Bxe4 Qxe4 37. e6 Qxe6 38. Qd2 Bb7 39. Rg5 Nh4 40. Rf6 Qe4 41. Re5
Qh1+ 42. Kf2 Qxh2+ 43. Ke1 Qg1+ 0-1

[Event "World Rapid 2017"]
[Site "Riyadh KSA"]
[Date "2017.12.27"]
[Round "7.22"]
[White "Li, Chao b"]
[Black "Guseinov, Gadir"]
[Result "0-1"]
[WhiteTitle "GM"]
[BlackTitle "GM"]
[WhiteElo "2732"]
[BlackElo "2646"]
[WhiteFideId "8604436"]
[BlackFideId "13401378"]
[EventDate "2017.12.26"]

1. d4 Nf6 2. c4 g6 3. Nc3 Bg7 4. e4 d6 5. Nf3 O-O 6. Be2 c5 7. d5 e6 8. O-O exd5
9. cxd5 Bg4 10. Nd2 Bxe2 11. Qxe2 Re8 12. Nc4 b5 13. Nxb5 Nxe4 14. Qc2 a6 15.
Nc3 Nxc3 16. bxc3 Qf6 17. Qa4 Rd8 18. Na5 Qxc3 19. Bg5 Bf6 20. Rac1 Qe5 21. Bf4
Qxd5 22. Rfd1 Bd4 23. Be3 Nd7 24. Nc6 Nb6 25. Qc2 Qxc6 26. Bxd4 Qa4 27. Qxa4
Nxa4 28. Bf6 Rd7 29. Re1 Nb6 30. Rcd1 d5 31. Re5 Rd6 32. Be7 Rc6 33. g4 f6 34.
Ree1 Re8 35. g5 fxg5 36. Bxg5 Rce6 37. Rf1 d4 38. Rd3 Nc4 39. Kg2 Re1 40. Rxe1
Rxe1 41. Rb3 Nd6 42. Rb6 Ne4 43. Bh6 d3 44. Rb2 g5 45. Rb7 d2 46. Rg7+ Kf8 47.
Rxg5+ Kf7 0-1

[Event "World Rapid 2017"]
[Site "Riyadh KSA"]
[Date "2017.12.27"]
[Round "7.23"]
[White "Zhigalko, Sergei"]
[Black "Ni, Hua"]
[Result "1/2-1/2"]
[WhiteTitle "GM"]
[BlackTitle "GM"]
[WhiteElo "2641"]
[BlackElo "2671"]
[WhiteFideId "13502956"]
[BlackFideId "8601160"]
[EventDate "2017.12.26"]

1. e4 e5 2. Nf3 Nf6 3. d4 Nxe4 4. Bd3 d5 5. Nxe5 Nd7 6. Nxd7 Bxd7 7. O-O Bd6 8.
Nc3 Qh4 9. g3 Nxc3 10. bxc3 Qg4 11. Re1+ Kf8 12. Be2 Qf5 13. Bd3 Qg4 14. Be2 Qf5
15. c4 dxc4 16. Bxc4 Re8 17. Be3 h5 18. h4 Qg6 19. Qf3 b5 20. Bd3 Qg4 21. Qg2 g6
22. a4 bxa4 23. c4 Rxe3 24. fxe3 Bxg3 25. Rf1 Kg7 26. Be2 Qxh4 27. Rf3 Be1 28.
Qf1 Qg5+ 29. Kh1 Qh4+ 30. Kg1 Qg5+ 31. Kh1 Bg3 32. Rxf7+ Kh6 33. Qg2 Bf5 34.
Rxf5 gxf5 35. Rxa4 Rg8 36. Ra6+ Rg6 37. Rxg6+ Kxg6 38. Qc6+ Kg7 39. Qd7+ Kf8 40.
Kg2 h4 41. Bd3 h3+ 42. Kh1 Bf4 43. Qxf5+ Qxf5 44. Bxf5 Bxe3 45. Bxh3 a5 46. c5
Ke7 47. Bf1 Bxd4 48. Kg2 Bxc5 49. Kf3 Kd6 50. Ke4 Bf2 51. Bc4 Kc5 52. Kd3 Kb4
53. Be6 Ka3 54. Kc2 Bd4 55. Bf7 Be5 56. Be6 Kb4 57. Kd3 a4 58. Bf7 Bf6 59. Be6
Be7 60. Bf7 Kc5 61. Be8 Kb4 62. Bf7 Bf8 63. Be6 Kc5 64. Bd7 a3 65. Be6 Kd6 66.
Ba2 Ke5 67. Bb3 Kf4 68. Bd5 Kg3 69. Bc4 Kf2 70. Kc2 Ke3 71. Bb3 Kd4 72. Ba2 Bb4
73. Bb1 c5 74. Ba2 c4 75. Bb1 Bc5 1/2-1/2

[Event "World Rapid 2017"]
[Site "Riyadh KSA"]
[Date "2017.12.27"]
[Round "7.24"]
[White "Laznicka, Viktor"]
[Black "Bacrot, Etienne"]
[Result "1/2-1/2"]
[WhiteTitle "GM"]
[BlackTitle "GM"]
[WhiteElo "2647"]
[BlackElo "2725"]
[WhiteFideId "316385"]
[BlackFideId "605506"]
[EventDate "2017.12.26"]

1. c4 e6 2. Nf3 d5 3. e3 Nf6 4. b3 Be7 5. Bb2 O-O 6. Be2 b6 7. O-O Bb7 8. cxd5
exd5 9. Nc3 Nbd7 10. Re1 a6 11. Bf1 Re8 12. Ne2 c5 13. Ng3 Rc8 14. Rc1 Bf8 15.
d4 Ne4 16. dxc5 Nxg3 17. c6 Nxf1 18. cxd7 Qxd7 19. Rxf1 Rxc1 20. Qxc1 Rc8 21.
Qd2 a5 22. a4 h6 23. h3 Qd6 24. Rc1 Qb4 25. Rxc8 Bxc8 26. Qc2 Qc5 27. Bc3 Bd7
28. Nd4 Qc8 29. Qd2 Qc5 30. Ne2 Qa3 31. Qc2 b5 32. axb5 Bxb5 33. Nd4 Bd7 34. Qd2
a4 35. bxa4 1/2-1/2

[Event "World Rapid 2017"]
[Site "Riyadh KSA"]
[Date "2017.12.27"]
[Round "7.25"]
[White "Dreev, Aleksey"]
[Black "Movsesian, Sergei"]
[Result "1-0"]
[WhiteTitle "GM"]
[BlackTitle "GM"]
[WhiteElo "2653"]
[BlackElo "2647"]
[WhiteFideId "4100107"]
[BlackFideId "310204"]
[EventDate "2017.12.26"]

1. d4 d5 2. c4 c6 3. Nf3 Nf6 4. g3 Bg4 5. Ne5 Bf5 6. cxd5 Qxd5 7. Nf3 Bxb1 8.
Rxb1 Qxa2 9. Qc2 Na6 10. Bd2 e6 11. Bg2 Nb4 12. Qc1 Qa6 13. Qd1 Ne4 14. Bc3 Nd5
15. Qc2 Nef6 16. O-O Be7 17. Ra1 Qb6 18. e4 Nb4 19. Qe2 O-O 20. Ne5 Rfd8 21. Nc4
Qc7 22. Ne3 a5 23. Rfc1 Nd7 24. d5 Nc5 25. Qg4 e5 26. Nf5 g6 27. Nh6+ Kg7 28.
Nf5+ Kf8 29. Nxe7 Qxe7 30. Rxa5 Rxa5 31. Bxb4 Rb5 32. Ba3 cxd5 33. exd5 b6 34.
Re1 Kg8 35. f4 e4 36. Rxe4 Qf6 37. Re5 Ra5 38. Qe2 Raa8 39. h4 h5 40. Kh2 Rac8
41. Bh3 Rc7 42. Bb4 Qd6 43. Bc3 Nb7 44. f5 Nc5 45. fxg6 fxg6 46. Be6+ Nxe6 47.
Rxe6 Qxd5 48. Rxg6+ Kf8 49. Rg5 Qd3 50. Bb4+ Kf7 51. Qxh5+ Ke6 52. Qg4+ Kf6 53.
Qf4+ Ke6 54. Qe5+ 1-0

[Event "World Rapid 2017"]
[Site "Riyadh KSA"]
[Date "2017.12.27"]
[Round "7.26"]
[White "Saric, Ivan"]
[Black "Savchenko, Boris"]
[Result "1-0"]
[WhiteTitle "GM"]
[BlackTitle "GM"]
[WhiteElo "2669"]
[BlackElo "2566"]
[WhiteFideId "14508150"]
[BlackFideId "4147332"]
[EventDate "2017.12.26"]

1. e4 e6 2. d4 d5 3. Nc3 Bb4 4. e5 Ne7 5. a3 Bxc3+ 6. bxc3 c5 7. Qg4 O-O 8. Bd3
f5 9. exf6 Rxf6 10. Bg5 Rf7 11. Qh5 g6 12. Qd1 Qa5 13. Nf3 Nd7 14. O-O c4 15.
Be2 Nc6 16. Bd2 Nf6 17. Ng5 Re7 18. Re1 Bd7 19. Bf1 Rae8 20. a4 Kg7 21. Bf4 Qxc3
22. Nf3 Ne4 23. Re3 Qb4 24. Ne5 Qd2 25. Qxd2 Nxd2 26. Nxc6 Bxc6 27. Be2 Ne4 28.
Be5+ Kf7 29. h4 a5 30. g4 Ra8 31. Kg2 Rd7 32. Rh3 Ra6 33. Raa3 Rb6 34. h5 g5 35.
f3 Nd6 36. f4 Rb2 37. fxg5 Rxc2 38. g6+ Kg8 39. Kf1 Ne4 40. g5 Nxg5 41. Bg4 Rd8
42. Rhf3 Re8 43. Rf6 h6 44. g7 Rc1+ 45. Ke2 Rg1 46. Rxh6 Rxg4 47. Rh8+ Kf7 48.
h6 Rg8 49. h7 Rxg7 50. Rf8+ Kxf8 51. h8=Q+ Rg8 52. Bd6+ Kf7 53. Qh5+ Rg6 54.
Qxg4 Ne4 55. Rf3+ Nf6 56. Qh5 Be8 57. Qh7+ Rg7 58. Rxf6+ 1-0

[Event "World Rapid 2017"]
[Site "Riyadh KSA"]
[Date "2017.12.27"]
[Round "7.27"]
[White "Bosiocic, Marin"]
[Black "Bortnyk, Olexandr"]
[Result "1-0"]
[WhiteTitle "GM"]
[BlackTitle "GM"]
[WhiteElo "2624"]
[BlackElo "2610"]
[WhiteFideId "14507927"]
[BlackFideId "14120828"]
[EventDate "2017.12.26"]

1. d4 d6 2. e4 Nf6 3. Nc3 Nbd7 4. g4 h6 5. h3 e5 6. Nge2 g6 7. Bg2 Bg7 8. Be3 c6
9. Qd2 Qe7 10. O-O h5 11. g5 Nh7 12. a4 O-O 13. a5 exd4 14. Nxd4 Ne5 15. f4 Nc4
16. Qe2 Nxe3 17. Qxe3 Bd7 18. h4 Rae8 19. Qd3 f6 20. Rad1 fxg5 21. hxg5 Bg4 22.
Rde1 Qd8 23. Nb3 Qd7 24. Re3 Rf7 25. Qd2 Ref8 26. Rd3 Rd8 27. e5 Qe6 28. Ne4 d5
29. c4 h4 30. cxd5 cxd5 31. Nec5 Qc8 32. Bxd5 Rxd5 33. Rxd5 Rf8 34. Nd7 Bh3 35.
Rc1 Qe8 36. Nxf8 Nxf8 37. Rd8 Qf7 38. Nd4 Qe7 39. Ne2 Kh7 40. Qd6 Qf7 41. Rc7
Qf5 42. Rxg7+ Kxg7 43. Qf6+ Qxf6 44. gxf6+ Kf7 45. Nd4 Nd7 46. e6+ Bxe6 47. Nxe6
Kxe6 48. f7 Kd5 1-0

[Event "World Rapid 2017"]
[Site "Riyadh KSA"]
[Date "2017.12.27"]
[Round "7.28"]
[White "Adhiban, Baskaran"]
[Black "Ivanchuk, Vassily"]
[Result "1-0"]
[WhiteTitle "GM"]
[BlackTitle "GM"]
[WhiteElo "2655"]
[BlackElo "2726"]
[WhiteFideId "5018471"]
[BlackFideId "14100010"]
[EventDate "2017.12.26"]

1. e4 e5 2. Bc4 Nf6 3. d3 Bc5 4. Nc3 d6 5. f4 Nc6 6. Nf3 a6 7. fxe5 dxe5 8. Bg5
Qd6 9. Qd2 Nd7 10. O-O-O Nb6 11. Bb3 Be6 12. Nh4 f6 13. Be3 Bxe3 14. Qxe3 Nd4
15. Bxe6 Qxe6 16. Kb1 O-O-O 17. Ne2 Kb8 18. Nxd4 Rxd4 19. Nf5 Rd7 20. Qc5 Nc8
21. Rhf1 Nd6 22. g4 h5 23. h3 hxg4 24. hxg4 g6 25. Ne3 c6 26. a4 Rh3 27. g5 Rf7
28. gxf6 Rh4 29. Nc4 Nxc4 30. dxc4 Rxf6 31. Rd8+ Kc7 32. Rfd1 Rh1 33. Rxh1 Kxd8
34. Rh8+ Kd7 35. b3 Qe7 36. Qa7 Ke6 37. Qb8 Qa3 38. Qc8+ Kd6 39. Qd8+ 1-0